[Event "Semiahmoo op Premier"]
[Site "White Rock CAN"]
[Date "2017.08.06"]
[Round "3.1"]
[White "Kaufman, Raymond"]
[Black "Doknjas, Neil"]
[Result "1-0"]
[WhiteElo "2261"]
[BlackElo "1866"]
[PlyCount "63"]
[GameId "2160767908347563"]
[EventDate "2017.08.05"]
[EventType "swiss"]
[EventRounds "6"]
[EventCountry "CAN"]
[SourceTitle "EXT 2022"]
[Source "ChessBase"]
[SourceDate "2021.10.06"]
[SourceVersion "1"]
[SourceVersionDate "2021.10.06"]
[SourceQuality "1"]

1. d4 d5 2. c4 e6 3. Nc3 Nf6 4. cxd5 exd5 5. Bg5 Be7 6. e3 O-O 7. Bd3 c6 8. Qc2 Nbd7 9. h3 Re8 10. Nf3 Nf8 11. O-O-O a5 12. g4 b5 13. Rhg1 a4 14. Bxf6 Bxf6 15. g5 Be7 16. Ne5 Bb7 17. Bxh7+ Nxh7 18. g6 fxg6 19. Qxg6 Ng5 20. Nf7 Qd7 21. Rxg5 Bxg5 22. Nxg5 Bc8 23. Qh7+ Kf8 24. Rg1 Ke7 25. Nge4 Kd8 26. Rxg7 Qxh3 27. Qg6 Qe6 28. Qg5+ Re7 29. Nc5 Qd6 30. Rg6 Qh2 31. Rg8+ Kc7 32. Qxe7+ 1-0

[Event "Semiahmoo op Premier"]
[Site "White Rock CAN"]
[Date "2017.08.06"]
[Round "4.1"]
[White "Doknjas, Joshua"]
[Black "Kaufman, Raymond"]
[Result "1/2-1/2"]
[WhiteElo "2203"]
[BlackElo "2261"]
[PlyCount "89"]
[GameId "2160767908347571"]
[EventDate "2017.08.05"]
[EventType "swiss"]
[EventRounds "6"]
[EventCountry "CAN"]
[SourceTitle "EXT 2022"]
[Source "ChessBase"]
[SourceDate "2021.10.06"]
[SourceVersion "1"]
[SourceVersionDate "2021.10.06"]
[SourceQuality "1"]

1. e4 e6 2. d4 d5 3. Nc3 Nf6 4. Bg5 dxe4 5. Nxe4 Be7 6. Bxf6 gxf6 7. Qd2 f5 8. Nc3 c6 9. Nf3 Nd7 10. O-O-O Bf6 11. Bd3 Qa5 12. Rhe1 Rg8 13. g3 Kf8 14. Kb1 b5 15. Qh6+ Rg7 16. Ne2 Kg8 17. Nf4 b4 18. Nh5 Rg6 19. Nxf6+ Nxf6 20. Qd2 Nd5 21. Ka1 f6 22. h3 Rg7 23. g4 f4 24. Bc4 Bd7 25. Bxd5 cxd5 26. Qxf4 Rc8 27. Rc1 Qa4 28. g5 fxg5 29. Nxg5 Rc6 30. Qb8+ Rc8 31. Qf4 Rc6 32. Re3 h6 33. Nf3 Rxc2 34. Ree1 b3 35. a3 Be8 36. Ne5 Rg5 37. h4 Rg7 38. Rg1 Rxc1+ 39. Rxc1 h5 40. Qh6 Qxd4 41. Qxe6+ Kf8 42. Qf5+ Kg8 43. Qe6+ Kf8 44. Qf5+ Kg8 45. Qe6+ 1/2-1/2

[Event "Semiahmoo op Premier"]
[Site "White Rock CAN"]
[Date "2017.08.07"]
[Round "6.1"]
[White "Kaufman, Raymond"]
[Black "Hartman, Brian"]
[Result "1-0"]
[WhiteElo "2261"]
[BlackElo "2438"]
[PlyCount "87"]
[GameId "2160767908347588"]
[EventDate "2017.08.05"]
[EventType "swiss"]
[EventRounds "6"]
[EventCountry "CAN"]
[SourceTitle "EXT 2022"]
[Source "ChessBase"]
[SourceDate "2021.10.06"]
[SourceVersion "1"]
[SourceVersionDate "2021.10.06"]
[SourceQuality "1"]

1. e4 e5 2. Nf3 Nc6 3. Bb5 a6 4. Ba4 Nf6 5. d3 d6 6. c3 Be7 7. O-O O-O 8. Re1 b5 9. Bc2 Re8 10. a4 Bd7 11. Nbd2 Bf8 12. Nf1 h6 13. h3 g6 14. N3h2 Bg7 15. Qf3 b4 16. Ng4 Nxg4 17. hxg4 bxc3 18. bxc3 Qh4 19. Ne3 Rab8 20. g3 Qd8 21. Kg2 Na5 22. Rh1 Nb3 23. Bxb3 Rxb3 24. Nd5 c6 25. Bxh6 Bxg4 26. Qxg4 cxd5 27. Bg5 Qb6 28. Qh4 Rb2 29. Raf1 Re6 30. exd5 Qb7 31. c4 f5 32. Qh7+ Kf8 33. Kg1 Re8 34. Qxg6 Qf7 35. Qxd6+ Kg8 36. c5 f4 37. Qc6 e4 38. Bxf4 exd3 39. d6 d2 40. Kg2 Qe6 41. Qf3 Bd4 42. Rh6 Qc4 43. Rg6+ Kf7 44. Be5+ 1-0

[Event "Festival St-Denis"]
[Site "Montreal CAN"]
[Date "2017.07.22"]
[Round "1.10"]
[White "Joanis, Marc-Andre"]
[Black "Kaufman, Raymond"]
[Result "0-1"]
[WhiteElo "1849"]
[BlackElo "2261"]
[PlyCount "92"]
[GameId "2160767908347765"]
[EventDate "2017.07.22"]
[EventType "swiss"]
[EventRounds "9"]
[EventCountry "CAN"]
[SourceTitle "hb 2017"]

1. c4 e6 2. Nc3 d5 3. d4 c6 4. cxd5 exd5 5. Nf3 Bf5 6. Bg5 Be7 7. Bxe7 Qxe7 8. e3 Nf6 9. Be2 O-O 10. O-O Nbd7 11. Rc1 Rfe8 12. a3 h6 13. b4 a5 14. Qb3 axb4 15. axb4 b5 16. h3 Ne4 17. Nxe4 dxe4 18. Ne5 Nxe5 19. dxe5 Be6 20. Qc3 Ra2 21. Rc2 Rxc2 22. Qxc2 Bd5 23. Qc3 Qxe5 24. Qxe5 Rxe5 25. Ra1 g5 26. Kf1 Re7 27. Ke1 f5 28. Kd2 f4 29. Kc3 f3 30. Bf1 fxg2 31. Bxg2 Rf7 32. Kd4 Rxf2 33. Bxe4 Bxe4 34. Kxe4 Kf7 35. Rc1 Rf6 36. Rc5 Kg6 37. Rc1 h5 38. Ke5 g4 39. hxg4 hxg4 40. Rg1 Kg5 41. Rh1 g3 42. Rg1 Rf3 43. Kd6 Kg4 44. Kxc6 Rf5 45. e4 Re5 46. Rc1 g2 0-1

[Event "Festival St-Denis"]
[Site "Montreal CAN"]
[Date "2017.07.23"]
[Round "2.1"]
[White "Kaufman, Raymond"]
[Black "Sambuev, Bator"]
[Result "0-1"]
[WhiteElo "2261"]
[BlackElo "2626"]
[PlyCount "105"]
[GameId "2160767908347771"]
[EventDate "2017.07.22"]
[EventType "swiss"]
[EventRounds "9"]
[EventCountry "CAN"]

1. Nf3 d5 2. c4 e6 3. g3 c5 4. cxd5 exd5 5. d4 Nf6 6. Nc3 Nc6 7. Bg2 Be7 8. O-O O-O 9. dxc5 Bxc5 10. Bg5 d4 11. Ne4 Be7 12. Bxf6 Bxf6 13. b4 a6 14. a4 Nxb4 15. Nxf6+ Qxf6 16. Qxd4 Qe7 17. Rab1 a5 18. Qe5 Re8 19. Qxe7 Rxe7 20. Nd4 Rb8 21. Rfc1 Kf8 22. e3 Bd7 23. Nb5 b6 24. Rc4 Rc8 25. Rxc8+ Bxc8 26. Rd1 Rd7 27. Nd6 Ba6 28. Rd4 g6 29. e4 f6 30. Bh3 Rd8 31. Nb5 Rxd4 32. Nxd4 Ke7 33. f4 Bb7 34. Bg2 Nd3 35. Nb3 Bc6 36. Nd2 Kd6 37. e5+ fxe5 38. Nc4+ Kc5 39. Bxc6 Kxc6 40. fxe5 Nc5 41. Kf2 Nxa4 42. e6 Nc5 43. e7 Ne4+ 44. Ke3 Nf6 45. Kd4 Ne8 46. Ke5 a4 47. Ke6 Nc7+ 48. Kf7 Kc5 49. Ne5 a3 50. Nd3+ Kc4 51. Nf4 a2 52. Ne6 Nb5 53. e8=N 0-1

[Event "Festival St-Denis"]
[Site "Montreal CAN"]
[Date "2017.07.24"]
[Round "3.6"]
[White "Marin, Sam"]
[Black "Kaufman, Raymond"]
[Result "0-1"]
[WhiteElo "2024"]
[BlackElo "2261"]
[PlyCount "64"]
[GameId "2160767908347790"]
[EventDate "2017.07.22"]
[EventType "swiss"]
[EventRounds "9"]
[EventCountry "CAN"]

1. c4 Nf6 2. Nc3 e5 3. g3 d5 4. cxd5 Nxd5 5. Bg2 Nb6 6. Nf3 Nc6 7. d3 Be7 8. Be3 Be6 9. Rc1 Qd7 10. a3 Bh3 11. O-O h5 12. Ne4 h4 13. Bxh3 Qxh3 14. Rxc6 bxc6 15. Qc2 Qe6 16. Nxe5 f5 17. Nd2 Qxe5 18. Qxc6+ Kf7 19. Nf3 Qe6 20. Qb5 Qd5 21. Qa6 Nd7 22. Rc1 c5 23. b4 hxg3 24. fxg3 Rhc8 25. b5 Qe6 26. Qxe6+ Kxe6 27. d4 c4 28. a4 Nb6 29. a5 Nd5 30. Bf4 c3 31. Be5 g5 32. Ne1 Ba3 0-1

[Event "Festival St-Denis"]
[Site "Montreal CAN"]
[Date "2017.07.25"]
[Round "4.6"]
[White "Kaufman, Raymond"]
[Black "Yagiz, Bora"]
[Result "1-0"]
[WhiteElo "2261"]
[BlackElo "1837"]
[PlyCount "92"]
[GameId "2160767908347804"]
[EventDate "2017.07.22"]
[EventType "swiss"]
[EventRounds "9"]
[EventCountry "CAN"]

1. d4 Nf6 2. Nf3 g6 3. Bf4 Bg7 4. Nc3 d5 5. Qd2 Ne4 6. Nxe4 dxe4 7. Ne5 f6 8. Nc4 Be6 9. e3 Nd7 10. Na5 c6 11. Qb4 Qb6 12. Qa3 O-O 13. Bc4 Bxc4 14. Nxc4 Qa6 15. Qxa6 bxa6 16. O-O-O Nb6 17. Na5 Rac8 18. Nb7 g5 19. Bg3 f5 20. Nc5 a5 21. Ne6 Bh6 22. Nxf8 Kxf8 23. h4 g4 24. Be5 Kf7 25. Kb1 Ke6 26. Rhf1 Nc4 27. Bg3 Bxe3 28. fxe3 Nxe3 29. Rfe1 Nxd1 30. Rxd1 a4 31. c4 Rf8 32. Bf4 g3 33. d5+ cxd5 34. Rxd5 Rc8 35. b3 axb3 36. axb3 Rg8 37. Re5+ Kf6 38. Ra5 Rg4 39. Bg5+ Kf7 40. Rxa7 Ke6 41. Kc2 f4 42. Kd2 f3 43. gxf3 exf3 44. Ke3 f2 45. Ra1 g2 46. Kxf2 g1=Q+ 1-0

[Event "Festival St-Denis"]
[Site "Montreal CAN"]
[Date "2017.07.26"]
[Round "5.4"]
[White "Yu, Zong Yang"]
[Black "Kaufman, Raymond"]
[Result "1/2-1/2"]
[WhiteElo "2479"]
[BlackElo "2261"]
[PlyCount "97"]
[GameId "2160767908347815"]
[EventDate "2017.07.22"]
[EventType "swiss"]
[EventRounds "9"]
[EventCountry "CAN"]

1. Nf3 c5 2. c4 Nf6 3. Nc3 e6 4. g3 b6 5. Bg2 Bb7 6. O-O d6 7. Re1 Be7 8. e4 a6 9. d4 cxd4 10. Nxd4 Qc7 11. Be3 Nbd7 12. Rc1 Rc8 13. f4 Qb8 14. b3 O-O 15. Bf2 g6 16. f5 e5 17. Nd5 Nxd5 18. exd5 Bg5 19. Nc6 Qc7 20. Rc3 Bxc6 21. dxc6 Nb8 22. Rd3 Be7 23. Qd2 Nxc6 24. f6 Bxf6 25. Bxc6 Qxc6 26. Rxd6 Qf3 27. Bxb6 Bg7 28. Qd5 Qc3 29. Ba5 Qc2 30. Qg2 Qf5 31. Rf1 Qg5 32. Bd2 Qe7 33. Qd5 Rfd8 34. Bb4 Rxd6 35. Bxd6 Qd7 36. c5 h5 37. Rd1 Qg4 38. Rf1 Qd7 39. Kh1 Rd8 40. b4 Bf8 41. Rf6 Bg7 42. c6 Qa7 43. Rf1 Bf8 44. Rf6 Bxd6 45. Rxg6+ Kh7 46. Rxd6 Qf2 47. Qd3+ e4 48. Qxe4+ Kg7 49. Qe5+ 1/2-1/2

[Event "Festival St-Denis"]
[Site "Montreal CAN"]
[Date "2017.07.27"]
[Round "6.3"]
[White "Rodrigue-Lemieux, Shawn"]
[Black "Kaufman, Raymond"]
[Result "1-0"]
[WhiteElo "2285"]
[BlackElo "2261"]
[PlyCount "67"]
[GameId "2160767908347827"]
[EventDate "2017.07.22"]
[EventType "swiss"]
[EventRounds "9"]
[EventCountry "CAN"]

1. e4 c5 2. Nf3 e6 3. d4 cxd4 4. Nxd4 Nc6 5. Be3 Nf6 6. Nc3 Bb4 7. Bd3 d5 8. Nxc6 bxc6 9. e5 d4 10. O-O dxe3 11. exf6 exf2+ 12. Kh1 Bxc3 13. bxc3 Qxf6 14. Qd2 Qh6 15. Qxf2 O-O 16. Qc5 e5 17. Qxe5 Be6 18. Qc5 Rfd8 19. Qxc6 Rac8 20. Qa4 Qd2 21. Qxa7 Bd5 22. Qf2 Qxc3 23. a4 Rd6 24. a5 Rf6 25. Qh4 Rh6 26. Qg3 Qd4 27. a6 Qa7 28. Rae1 Qa8 29. Re7 Be6 30. Re1 Rf6 31. a7 h5 32. Qe5 Qc6 33. Rc7 Rxc7 34. Qxc7 1-0

[Event "Festival St-Denis"]
[Site "Montreal CAN"]
[Date "2017.07.28"]
[Round "7.5"]
[White "Kaufman, Raymond"]
[Black "Duong, Thanh Nha"]
[Result "1-0"]
[WhiteElo "2261"]
[BlackElo "2251"]
[PlyCount "67"]
[GameId "2160767908347840"]
[EventDate "2017.07.22"]
[EventType "swiss"]
[EventRounds "9"]
[EventCountry "CAN"]

1. d4 d6 2. Nf3 Nf6 3. c4 g6 4. Nc3 Bg7 5. e4 O-O 6. Be2 e5 7. Be3 Nc6 8. d5 Ne7 9. Nd2 Nd7 10. b4 b6 11. a4 f5 12. f3 f4 13. Bf2 a5 14. bxa5 Rxa5 15. Nb3 Ra8 16. a5 Rf7 17. axb6 Rxa1 18. Qxa1 cxb6 19. Qa8 g5 20. O-O Bf8 21. Nb5 Nc5 22. Nxc5 bxc5 23. Qb8 Rf6 24. Ra1 h5 25. Ra6 Ng6 26. Ra8 Ne7 27. Na7 Rf7 28. Nxc8 Nxc8 29. Qxc8 Qb6 30. h4 Qb1+ 31. Kh2 g4 32. fxg4 Qc2 33. Qe6 Kg7 34. gxh5 1-0

[Event "Festival St-Denis"]
[Site "Montreal CAN"]
[Date "2017.07.29"]
[Round "8.4"]
[White "Kaufman, Raymond"]
[Black "Voskanyan, Vahagn"]
[Result "1-0"]
[WhiteElo "2261"]
[BlackElo "2255"]
[PlyCount "56"]
[GameId "2160767739316828"]
[EventDate "2017.07.22"]
[EventType "swiss"]
[EventRounds "9"]
[EventCountry "CAN"]

1. d4 d5 2. c4 c6 3. Nf3 Nf6 4. e3 Nbd7 5. Nbd2 g6 6. Be2 Bg7 7. O-O O-O 8. b3 Ne4 9. Nxe4 dxe4 10. Nd2 f5 11. Bb2 c5 12. Qc2 cxd4 13. exd4 e6 14. Rfd1 Qg5 15. Nf1 h5 16. d5 Ne5 17. c5 h4 18. Kh1 exd5 19. Rxd5 Nc6 20. Bxg7 Kxg7 21. Rad1 Be6 22. Rd6 Rad8 23. b4 Kh6 24. Qc3 f4 25. Nd2 Bf5 26. Nc4 f3 27. gxf3 exf3 28. Bxf3 Be6 {...} 1-0

[Event "Festival St-Denis"]
[Site "Montreal CAN"]
[Date "2017.07.30"]
[Round "9.1"]
[White "Bakre, Tejas"]
[Black "Kaufman, Raymond"]
[Result "1/2-1/2"]
[WhiteElo "2449"]
[BlackElo "2261"]
[PlyCount "28"]
[GameId "2160767908347858"]
[EventDate "2017.07.22"]
[EventType "swiss"]
[EventRounds "9"]
[EventCountry "CAN"]

1. d4 Nf6 2. Nf3 d5 3. c4 c6 4. Nc3 a6 5. cxd5 cxd5 6. Bf4 Nc6 7. e3 Bg4 8. Be2 e6 9. Qb3 Bxf3 10. gxf3 Na5 11. Qa4+ Nc6 12. Qb3 Na5 13. Qa4+ Nc6 14. Qb3 Na5 1/2-1/2

[Event "Paul Keres mem. (42nd)"]
[Site "Richmond CAN"]
[Date "2017.05.20"]
[Round "1.6"]
[White "Tang, Edward"]
[Black "Kaufman, Raymond"]
[Result "1/2-1/2"]
[WhiteElo "2046"]
[BlackElo "2292"]
[PlyCount "64"]
[GameId "2160767908411394"]
[EventDate "2017.05.20"]
[EventType "swiss"]
[EventRounds "6"]
[EventCountry "CAN"]
[SourceTitle "10 Days #408"]
[Source "Chess Mix"]
[SourceDate "2014.08.01"]

1. e4 e5 2. Nf3 Nc6 3. Bb5 g6 4. c3 Nge7 5. d4 exd4 6. cxd4 d5 7. exd5 Nxd5 8. O-O Bg7 9. Re1+ Be6 10. Ng5 O-O 11. Bxc6 bxc6 12. Nxe6 fxe6 13. Qg4 Qf6 14. Re2 Qxd4 15. Qxe6+ Kh8 16. Nc3 Nxc3 17. bxc3 Qd1+ 18. Re1 Qc2 19. Be3 Qxc3 20. Rac1 Qb2 21. Qb3 Qxb3 22. axb3 Rfb8 23. Rxc6 Rxb3 24. Rxc7 a5 25. Rec1 h5 26. g3 a4 27. Rc8+ Rxc8 28. Rxc8+ Kh7 29. Ra8 a3 30. Ra7 Kg8 31. Ra8+ Kf7 32. Ra7+ Kg8 1/2-1/2

[Event "Paul Keres mem. (42nd)"]
[Site "Richmond CAN"]
[Date "2017.05.20"]
[Round "2.9"]
[White "Kaufman, Raymond"]
[Black "Bates, Darren"]
[Result "1-0"]
[WhiteElo "2292"]
[BlackElo "1819"]
[PlyCount "103"]
[GameId "2160767908411407"]
[EventDate "2017.05.20"]
[EventType "swiss"]
[EventRounds "6"]
[EventCountry "CAN"]
[SourceTitle "10 Days #408"]
[Source "Chess Mix"]
[SourceDate "2014.08.01"]

1. e4 e5 2. Nf3 Nf6 3. Nxe5 d6 4. Nc4 Nxe4 5. d4 d5 6. Ne3 Bb4+ 7. c3 Be7 8. Bd3 Nf6 9. O-O O-O 10. Nd2 c5 11. Nf3 Nc6 12. Bc2 h6 13. Re1 Be6 14. Ne5 cxd4 15. Nxc6 bxc6 16. cxd4 c5 17. dxc5 Bxc5 18. Qd3 Qb6 19. Re2 a5 20. Bd2 Qa6 21. Qxa6 Rxa6 22. Bd3 Raa8 23. Rc1 Bb4 24. a3 Bxd2 25. Rxd2 Rac8 26. Rdc2 Rxc2 27. Nxc2 Rc8 28. Re1 Ne4 29. Nd4 Nc5 30. Bb5 Bd7 31. Rc1 Ne4 32. Rxc8+ Bxc8 33. Nc6 Bd7 34. Nd4 Bxb5 35. Nxb5 Kf8 36. Kf1 Ke7 37. Ke2 Ke6 38. b4 axb4 39. axb4 g6 40. Ke3 Nf6 41. f3 Ke5 42. f4+ Ke6 43. Kd4 h5 44. Kc5 Kf5 45. Kd4 Kxf4 46. Nc7 Nd7 47. b5 f5 48. Kxd5 Ke3 49. Kd6 Nb6 50. Nd5+ Kf2 51. Nxb6 Kxg2 52. Nd5 1-0

[Event "Paul Keres mem. (42nd)"]
[Site "Richmond CAN"]
[Date "2017.05.21"]
[Round "3.4"]
[White "Patterson, Roger"]
[Black "Kaufman, Raymond"]
[Result "1/2-1/2"]
[WhiteElo "2149"]
[BlackElo "2292"]
[PlyCount "48"]
[GameId "2160767908411414"]
[EventDate "2017.05.20"]
[EventType "swiss"]
[EventRounds "6"]
[EventCountry "CAN"]
[SourceTitle "10 Days #408"]
[Source "Chess Mix"]
[SourceDate "2014.08.01"]

1. c4 g6 2. Nc3 Nf6 3. d4 Bg7 4. e4 d6 5. Nf3 O-O 6. Be2 Bg4 7. O-O Nfd7 8. d5 Na6 9. Nd4 Bxe2 10. Ndxe2 Nac5 11. Rb1 a5 12. b3 e6 13. dxe6 fxe6 14. f4 Qe7 15. a3 Nb6 16. b4 axb4 17. axb4 Ncd7 18. Qb3 Kh8 19. Be3 Rf7 20. Rbd1 Raf8 21. Nb5 Rc8 22. Na7 Rcf8 23. Nb5 Rc8 24. Na7 Rcf8 1/2-1/2

[Event "Paul Keres mem. (42nd)"]
[Site "Richmond CAN"]
[Date "2017.05.21"]
[Round "4.6"]
[White "Kaufman, Raymond"]
[Black "Richardson, Kai"]
[Result "0-1"]
[WhiteElo "2292"]
[BlackElo "2073"]
[PlyCount "56"]
[GameId "2160767908411427"]
[EventDate "2017.05.20"]
[EventType "swiss"]
[EventRounds "6"]
[EventCountry "CAN"]
[SourceTitle "10 Days #408"]
[Source "Chess Mix"]
[SourceDate "2014.08.01"]

1. e4 e5 2. Nf3 Nc6 3. Bc4 Nf6 4. d3 h6 5. O-O Bc5 6. c3 d6 7. d4 exd4 8. cxd4 Bb6 9. h3 O-O 10. Nc3 Re8 11. Re1 Na5 12. Bd3 Nc6 13. Be3 Bd7 14. Rc1 a5 15. Qd2 a4 16. Bxh6 Nxd4 17. Bxg7 Nxf3+ 18. gxf3 Kxg7 19. Kh2 Ra5 20. Rg1+ Kf8 21. Bc4 Rh5 22. Rg3 Qe7 23. Rcg1 Qe5 24. f4 Qd4 25. Qxd4 Bxd4 26. Nd5 Nxd5 27. Bxd5 c6 28. Rg8+ Ke7 0-1

[Event "Paul Keres mem. (42nd)"]
[Site "Richmond CAN"]
[Date "2017.05.22"]
[Round "5.7"]
[White "Wu, Howard"]
[Black "Kaufman, Raymond"]
[Result "1-0"]
[WhiteElo "2149"]
[BlackElo "2292"]
[PlyCount "97"]
[GameId "2160767908411439"]
[EventDate "2017.05.20"]
[EventType "swiss"]
[EventRounds "6"]
[EventCountry "CAN"]
[SourceTitle "10 Days #408"]
[Source "Chess Mix"]
[SourceDate "2014.08.01"]

1. Nf3 c5 2. e4 d6 3. d4 cxd4 4. Nxd4 Nf6 5. Nc3 g6 6. Be2 Bg7 7. O-O O-O 8. Bg5 Nc6 9. Nb3 a5 10. a4 Bd7 11. Kh1 Nb4 12. f4 Bc6 13. Bf3 Nd7 14. Qe2 Re8 15. Rad1 Qc7 16. Nd4 h6 17. Bh4 Bxd4 18. Rxd4 e5 19. fxe5 dxe5 20. Rd2 Nf8 21. Qe3 g5 22. Bh5 gxh4 23. Rf6 Re6 24. Bxf7+ Qxf7 25. Rxf7 Kxf7 26. Rf2+ Kg8 27. Qf3 Rae8 28. Nd5 Bxd5 29. exd5 R6e7 30. d6 Rg7 31. h3 e4 32. Qf5 e3 33. Re2 Nc6 34. Qf4 Ng6 35. Qxh6 Nce5 36. Rxe3 Rd8 37. c3 Nc6 38. Re6 Nce5 39. Qg5 Nf7 40. Qxa5 Nf4 41. Rf6 b6 42. Qf5 Ne2 43. Kh2 Ng3 44. Qd5 Rd7 45. Qe6 Rd8 46. d7 Kf8 47. Qd6+ Kg8 48. Qe7 Ra8 49. Qe8+ 1-0

[Event "Paul Keres mem. (40th)"]
[Site "Richmond CAN"]
[Date "2015.05.16"]
[Round "1.6"]
[White "Kaufman, Raymond"]
[Black "Martin, Steve"]
[Result "1-0"]
[WhiteElo "2329"]
[BlackElo "1877"]
[PlyCount "29"]
[GameId "2160767908934201"]
[EventDate "2015.05.16"]
[EventType "swiss"]
[EventRounds "6"]
[EventCountry "CAN"]
[SourceTitle "EXT 2019"]
[Source "ChessBase"]
[SourceDate "2018.10.10"]
[SourceVersion "1"]
[SourceVersionDate "2018.10.10"]
[SourceQuality "1"]

1. d4 f5 2. Nc3 Nf6 3. Bg5 d5 4. Bxf6 exf6 5. e3 Be6 6. Bd3 Nc6 7. Qf3 Nb4 8. Bxf5 Bxf5 9. Qxf5 c6 10. a3 Qa5 11. Nge2 g6 12. Qxf6 Nxc2+ 13. Kd2 Nxa1 14. Rxa1 b5 15. Qxc6+ 1-0

[Event "Paul Keres mem. (40th)"]
[Site "Richmond CAN"]
[Date "2015.05.16"]
[Round "2.6"]
[White "Salcedo, Daniel"]
[Black "Kaufman, Raymond"]
[Result "0-1"]
[WhiteElo "2041"]
[BlackElo "2329"]
[PlyCount "56"]
[GameId "2160767908934211"]
[EventDate "2015.05.16"]
[EventType "swiss"]
[EventRounds "6"]
[EventCountry "CAN"]
[SourceTitle "EXT 2019"]
[Source "ChessBase"]
[SourceDate "2018.10.10"]
[SourceVersion "1"]
[SourceVersionDate "2018.10.10"]
[SourceQuality "1"]

1. d4 Nf6 2. Nf3 g6 3. c4 Bg7 4. Nc3 d5 5. Qb3 dxc4 6. Qxc4 O-O 7. e4 c6 8. Qb3 Qb6 9. Qxb6 axb6 10. e5 Nd5 11. Nxd5 cxd5 12. Bd3 Nc6 13. h3 f6 14. exf6 Bxf6 15. Be3 Nb4 16. Bb1 Bf5 17. a3 Rfc8 18. Kd2 Nc2 19. Ra2 b5 20. Bxc2 Rxc2+ 21. Kd1 b4 22. Ne1 Rc4 23. g4 Be4 24. f3 b3 25. Ra1 Bc2+ 26. Nxc2 Rxc2 27. Rb1 Ra4 28. Re1 Bxd4 0-1

[Event "Paul Keres mem. (40th)"]
[Site "Richmond CAN"]
[Date "2015.05.17"]
[Round "3.2"]
[White "Kaufman, Raymond"]
[Black "Cao, Jason"]
[Result "0-1"]
[WhiteElo "2329"]
[BlackElo "2409"]
[PlyCount "70"]
[GameId "2160767908934217"]
[EventDate "2015.05.16"]
[EventType "swiss"]
[EventRounds "6"]
[EventCountry "CAN"]
[SourceTitle "EXT 2019"]
[Source "ChessBase"]
[SourceDate "2018.10.10"]
[SourceVersion "1"]
[SourceVersionDate "2018.10.10"]
[SourceQuality "1"]

1. d4 Nf6 2. c4 e6 3. Nf3 b6 4. a3 Bb7 5. Nc3 d5 6. cxd5 Nxd5 7. Qc2 Be7 8. Nxd5 Qxd5 9. Qxc7 Nd7 10. e3 Rc8 11. Qg3 O-O 12. Bd2 Qb3 13. Be2 Qxb2 14. Rd1 Nf6 15. O-O Ne4 16. Qh3 Nxd2 17. Nxd2 h6 18. Bf3 Ba6 19. Rfe1 Bxa3 20. Ne4 Bb4 21. Rb1 Bxe1 22. Rxb2 Rc1 23. Bd1 Rxd1 24. Qg4 Rc1 25. h4 Bc3+ 26. Kh2 Bxb2 27. Nf6+ Kh8 28. Nd7 Rd8 29. Ne5 Kg8 30. Qf4 Rc7 31. g3 Ba3 32. h5 Bd6 33. Qh4 Rdc8 34. Ng4 Be7 35. Qh3 Bb7 0-1

[Event "Paul Keres mem. (40th)"]
[Site "Richmond CAN"]
[Date "2015.05.17"]
[Round "4.3"]
[White "Villavieja, Butch"]
[Black "Kaufman, Raymond"]
[Result "1-0"]
[WhiteElo "2184"]
[BlackElo "2329"]
[PlyCount "53"]
[GameId "2160767908934230"]
[EventDate "2015.05.16"]
[EventType "swiss"]
[EventRounds "6"]
[EventCountry "CAN"]
[SourceTitle "EXT 2019"]
[Source "ChessBase"]
[SourceDate "2018.10.10"]
[SourceVersion "1"]
[SourceVersionDate "2018.10.10"]
[SourceQuality "1"]

1. e4 e5 2. Nf3 Nc6 3. Nc3 Nf6 4. d4 exd4 5. Nxd4 Bc5 6. Be3 Bb6 7. Nxc6 bxc6 8. e5 Nd5 9. Nxd5 cxd5 10. Qxd5 Rb8 11. Bxb6 Rxb6 12. Bc4 O-O 13. O-O-O Qg5+ 14. Kb1 Bb7 15. Qd4 Bc6 16. h4 Qe7 17. Rh3 a5 18. Rg3 Rfb8 19. b3 a4 20. e6 fxe6 21. h5 axb3 22. cxb3 h6 23. Re1 Rb4 24. Qc3 Qf7 25. Ka1 R4b6 26. Rxe6 d5 27. Reg6 1-0

[Event "Paul Keres mem. (40th)"]
[Site "Richmond CAN"]
[Date "2015.05.18"]
[Round "5.7"]
[White "Kaufman, Raymond"]
[Black "Lister, Curtis"]
[Result "1-0"]
[WhiteElo "2329"]
[BlackElo "1960"]
[PlyCount "48"]
[GameId "2160767908934244"]
[EventDate "2015.05.16"]
[EventType "swiss"]
[EventRounds "6"]
[EventCountry "CAN"]
[SourceTitle "EXT 2019"]
[Source "ChessBase"]
[SourceDate "2018.10.10"]
[SourceVersion "1"]
[SourceVersionDate "2018.10.10"]
[SourceQuality "1"]

1. d4 g6 2. e4 Bg7 3. c3 d6 4. Bd3 Nf6 5. f4 d5 6. e5 Ne4 7. Nd2 f5 8. exf6 Nxf6 9. Ne2 O-O 10. O-O Nh5 11. Nf3 Qe8 12. h3 c6 13. g4 Nf6 14. Ng3 h5 15. Nh4 hxg4 16. Bxg6 Qd8 17. f5 gxh3 18. Nh5 Nbd7 19. Bg5 Nxh5 20. Qxh5 Nf6 21. Bxf6 Rxf6 22. Qh7+ Kf8 23. Rae1 Qc7 24. Re5 e6 1-0

[Event "Paul Keres mem. (40th)"]
[Site "Richmond CAN"]
[Date "2015.05.18"]
[Round "6.7"]
[White "Chaurette, Laurent"]
[Black "Kaufman, Raymond"]
[Result "0-1"]
[WhiteElo "1706"]
[BlackElo "2329"]
[PlyCount "64"]
[GameId "2160767908934254"]
[EventDate "2015.05.16"]
[EventType "swiss"]
[EventRounds "6"]
[EventCountry "CAN"]
[SourceTitle "EXT 2019"]
[Source "ChessBase"]
[SourceDate "2018.10.10"]
[SourceVersion "1"]
[SourceVersionDate "2018.10.10"]
[SourceQuality "1"]

1. d4 d5 2. c4 e6 3. Nf3 c6 4. Nc3 dxc4 5. a4 Bb4 6. g3 b5 7. Bg2 Bb7 8. O-O a6 9. Na2 Be7 10. b3 cxb3 11. Qxb3 Nf6 12. Bb2 Nbd7 13. Rfd1 O-O 14. Ne5 Nxe5 15. dxe5 Nd7 16. Rac1 Qc7 17. axb5 axb5 18. Nc3 Nc5 19. Qc2 Rfd8 20. Rxd8+ Rxd8 21. Ne4 Na4 22. Ba1 c5 23. Rb1 Qd7 24. Qc1 c4 25. g4 Nc5 26. Nd6 Bxg2 27. Kxg2 Nb3 28. Qf4 Bxd6 29. exd6 Qxd6 30. Be5 Qd5+ 31. e4 Qd2 32. Qg3 Qe2 0-1

[Event "Paul Keres mem  (38th)"]
[Site "Richmond CAN"]
[Date "2013.05.18"]
[Round "1.5"]
[White "Daswani, Benedict"]
[Black "Kaufman, Raymond"]
[Result "0-1"]
[WhiteElo "2000"]
[BlackElo "2304"]
[PlyCount "75"]
[GameId "2160767909347797"]
[EventDate "2013.05.18"]
[EventType "swiss"]
[EventRounds "6"]
[EventCountry "CAN"]

1. g3 c5 2. Bg2 Nc6 3. Nf3 g6 4. c3 Bg7 5. e4 d6 6. O-O Bg4 7. Qa4 Qd7 8. Na3 Nf6 9. Nc4 O-O 10. Ne3 Bh3 11. d4 cxd4 12. cxd4 Bxg2 13. Kxg2 d5 14. e5 Nxe5 15. Qxd7 Nexd7 16. Bd2 e6 17. Ne5 Nxe5 18. dxe5 Nd7 19. f4 Rfc8 20. Rac1 Nc5 21. Rc2 Rc6 22. Rfc1 Rac8 23. Kf3 Ne4 24. Rxc6 bxc6 25. Bb4 Rb8 26. a3 c5 27. Bxc5 Rxb2 28. Bxa7 Rf2+ 29. Kg4 Rxh2 30. Nd1 Nd2 31. Rc8+ Bf8 32. f5 gxf5+ 33. Kf4 Kg7 34. a4 Nc4 35. Nc3 f6 36. exf6+ Kf7 37. g4 Bd6+ 38. Kf3 0-1